Responses for Show #3452 - Tuesday, September 14, 1999

Contestants

[<< previous game]

Larry Reynolds, a professor of speech communication from Shawnee, Kansas

Kathy Vanderford, a quality manager from Winnsboro, South Carolina

Greg Lambert, a paramedic and software engineer from Albany, New York (whose 1-day cash winnings total $3,400)

[next game >>]

Jeopardy! Round responses

NAPOLEON
INTERNATIONAL FOOD & DRINK
THE NAME GAME
COMMON BONDS
CLASSIC POP GROUPS
OH! CALCUTTA!
    $100 7
Josephine

Larry
    $100 21
(Kathy: What is capellini?)

angel hair pasta

GregKathy
    $100 16
Jose

Kathy
    $100 4
Tubes

Larry
    $100 1
The Beach Boys

Larry
    $100 23
Subway

Greg
    $200 8
Corporal

Greg
    $200 22
Octopus

Greg
    $200 17
(Kathy: What is James?)

Natalie Wood

Kathy
Triple Stumper
    $200 12
Things that bounce

Greg
    $200 2
The Four Seasons

Greg
    $200 24
Ganges

Greg
    $300 9
Waterloo

Greg
    $300 30
Beer

Greg
    $300 18
(James) Madison

Kathy
    $300 13
(Larry: [No response])

jars

KathyLarry
    $300 3
The Miracles

Kathy
    $300 25
(Alex: We have less than a minute to go.)

the Black Hole of Calcutta

Kathy
    $400 10
Elba

Greg
    $400 26
Nutmeg

Larry
    $400 19
Concetta

Kathy
    $400 14
Things you shoot

Greg
    $400 5
The Marvelettes

Triple Stumper
    $400 28
(Larry: What is the Taj Mahal?)

marble

Larry
Triple Stumper
    $500 11
Frederick the Great

Larry
    $500 27
Australia

Kathy
    $500 20
(Kathy: What is Catherine?)

Miranda

Kathy
    $500 15
(Larry: What are vests?)

jackets

KathyLarry
    $500 6
The Moody Blues

Greg
    $500 29
(Kathy: What is coconut?)

the betel nut

Kathy
Triple Stumper

Scores at the first commercial break (after clue 15):

Greg Kathy Larry
$2,200 $1,100 $0

Scores at the end of the Jeopardy! Round:

Greg Kathy Larry
$3,100 $1,400 $0

Double Jeopardy! Round responses

SWEET 16
COLONIAL AMERICA
FEATURE FILM DEBUTS
BLACK HERITAGE STAMPS
THE LITERARY WORLD
HOMOPHONES
    $200 1
Ounces

Kathy
    $200 5
Virginia (Jamestown)

Greg
    $200 21
Back to the Future

Greg
    $200 26
Malcolm X

Kathy
    $200 16
"A Christmas Carol"

Kathy
    $200 11
Principal/principle

Greg
    $400 2
"The White Album"

Greg
    $400 7
(Greg: What is England?)
(Kathy: What is France?)

Spain (pieces of eight)

GregKathy
Triple Stumper
    $400 22
Dolly Parton

Greg
    $400 27
(Greg: Who is Louis Armstrong?)

Scott Joplin

Greg
Triple Stumper
    $400 17
Edgar Allan Poe

Kathy
    $400 12
Straight/strait

Greg
    $600 3
(Larry: What is omega?)
(Greg: What is omicron?)

pi

GregLarry
Triple Stumper
    $600 8
(Greg: What is the Continental Congress?)

New Jersey

Greg
Triple Stumper
    $600 23
(Alex: Minute to go.)

Martin Sheen

Greg
    $600 28
(Greg: Who is Harriet Beecher Stowe?)

Harriet Tubman

GregKathy
    $1,400 18
"Ulysses"

Kathy
    $600 13
Barred/bard

Triple Stumper
    $800 4
Ice hockey

Kathy
    $800 9
Sons of Liberty

Triple Stumper
    $800 24
Chris O'Donnell

Triple Stumper
    $800 29
(Larry: What is the railroad?)
(Alex: Be more specific.)
(Larry: [No response])
...
[The end-of-round signal sounds.]

sleeping car porters

Larry
Triple Stumper
    $800 19
Voltaire

Greg
    $800 14
Plait/plate

Kathy
    $1000 6
Louis XVI

Kathy
    $1,000 10
Lord Calvert (Baltimore)

Kathy
    $1000 25
Laurence Fishburne

Triple Stumper
    $1000 20
John Fowles

Triple Stumper
    $1000 15
Coop/coupe

Kathy

Scores at the end of the Double Jeopardy! Round:

Greg Kathy Larry
$3,700 $8,600 -$1,400
(lock game)

[wagering suggestions for these scores]

Final Jeopardy! Round responses

U.S. CITIES
GregWhat is Atlanta?
$3,700
KathyWhat is (New York) Atlanta
$1,100
Atlanta (airport named for him)

Final scores:

Greg Kathy Larry
$7,400 $9,700 -$1,400
2nd place: Trip to New York City with Broadway Shows New champion: $9,700 3rd place: Calypso Watches

Game dynamics:

Coryat scores:

Greg Kathy Larry
$3,700 $8,300 -$1,400
20 R,
5 W
19 R
(including 2 DDs),
5 W
(including 1 DD)
5 R,
5 W

Combined Coryat: $10,600

[game clues] [game scores] [suggest correction]

Game tape date: 1999-07-13
The J! Archive is created by fans, for fans. Scraping, republication, monetization, and malicious use prohibited; this site may use cookies and collect identifying information. See terms. The Jeopardy! game show and all elements thereof, including but not limited to copyright and trademark thereto, are the property of Jeopardy Productions, Inc. and are protected under law. This website is not affiliated with, sponsored by, or operated by Jeopardy Productions, Inc. Join the discussion at JBoard.tv.